Game of Thrones- All House Seats - Statistics

General Stats
  • This quiz has been taken 397 times
  • The average score is 39 of 97
Answer Stats
House Seat % Correct
Stark Winterfell
100%
Winterfell
100%
Lannister Casterly Rock
98%
Casterly Casterly Rock
98%
King's Landing
95%
King's Landing
95%
King's Landing
95%
Baratheon Dragonstone
94%
Targaryen Dragonstone
94%
Tyrell Highgarden
94%
Gardener Highgarden
94%
Greyjoy Pyke
91%
Tully Riverrun
89%
Storm's End
88%
Durrandon Storm's End
88%
Martell Sunspear
88%
Arryn The Eyrie
80%
Bolton Dreadfort
72%
Harrenhal
71%
Harroway Harrenhal
71%
Hoare Harrenhal
71%
Lothston Harrenhal
71%
Qoherys Harrenhal
71%
Slynt Harrenhal
71%
Strong Harrenhal
71%
Towers Harrenhal
71%
Whent Harrenhal
71%
Frey The Twins
65%
Mormont Bear Island
64%
Lannisport
61%
Karstark Karhold
55%
Tarly Horn Hill
50%
Umber Last Hearth
50%
Holt White Harbor
48%
Manderly White Harbor
48%
Glover Deepwood Motte
44%
Clegane Clegane's Keep
40%
Velaryon Driftmark
39%
Dayne Starfall
39%
Reyne Castamere
36%
Reed Greywater Watch
34%
Tarth Evenfall Hall
31%
Connington Griffin's Roost
30%
Cerwyn Castle Cerwyn
29%
Royce Runestone
29%
Mooton Maidenpool
28%
Mallister Seagard
28%
Redwyne The Arbor
28%
Hightower The Hightower
28%
Westerling The Crag
27%
Blackwood Raventree Hall
26%
Fossoway Cider Hall
25%
Beesbury Honeyholt
25%
Tallhart Torrhen's Square
25%
Bracken Stone Hedge
24%
Harlaw Ten Towers
24%
Dondarrion Blackhaven
23%
Florent Brightwater Keep
21%
Flint Widow's Watch
21%
Dustin Barrowton
20%
Selmy Harvest Hall
20%
Uller Hellholt
20%
Caron Nightsong
20%
Allyrion Godsgrace
19%
Estermont Greenstone
19%
Stokeworth Castle Stokeworth
18%
Smallwood Acorn Hall
17%
Marbrand Ashemark
17%
Baelish Baelish Keep
17%
Dalt Lemonwood
17%
Oakheart Old Oak
16%
Hornwood Hornwood
15%
Seaworth Cape Wrath
14%
Lefford Golden Tooth
14%
Swyft Cornfield
13%
Crakehall Crakehall
12%
Ashford Ashford
11%
Manwoody Kingsgrave
11%
Botley Lordsport
11%
Rosby Rosby
11%
Qorgyle Sandstone
11%
Swann Stonehelm
11%
Jordane The Tor
11%
Sarsfield Sarsfield
10%
Rykker Dun Fort
9%
Trant Gallowsgrey
9%
Serrett Silverhill
9%
Goodbrother Hammerhorn
8%
Forrester Ironrath
7%
Ironrath
7%
Gargalen Saltshore
7%
Wolf's Den
7%
Errol Haystack Hall
6%
Cuy Sun House
6%
Bulwer Blackcrown
4%
Whitehill Highpoint
4%
Glenmore Rillwater Crossing
2%
No matching quizzes found
Score Distribution
Percent of People with Each Score
Percentile by Number Answered
Your Score History
You have not taken this quiz